|
|
|
|
| LEADER |
00000nam0a2200000 4500 |
| 001 |
74210 |
| 005 |
20231101212739.0 |
| 010 |
|
|
|a 5949380223
|
| 035 |
|
|
|a (RuTPU)RU\TPU\book\79147
|
| 090 |
|
|
|a 74210
|
| 100 |
|
|
|a 20050301d2004 m y0rusy50 ca
|
| 101 |
0 |
|
|a rus
|
| 102 |
|
|
|a RU
|
| 105 |
|
|
|a af j 000zy
|
| 200 |
1 |
|
|a Упорядочение. Путь к созданию качественного рабочего места
|e практическое пособие
|f В. Е. Растимешин, Т. М. Куприянова
|
| 210 |
|
|
|a Москва
|c Стандарты и качество
|d 2004
|
| 215 |
|
|
|a 174 с.
|c ил.
|
| 225 |
1 |
|
|a Практический менеджмент
|
| 606 |
1 |
|
|a Рабочее место
|x Организация
|2 stltpush
|3 (RuTPU)RU\TPU\subj\22241
|
| 606 |
1 |
|
|a Менеджмент систем качества
|2 stltpush
|3 (RuTPU)RU\TPU\subj\27902
|9 51563
|
| 610 |
1 |
|
|a рабочие места
|
| 610 |
1 |
|
|a производительность
|
| 610 |
1 |
|
|a повышение
|
| 610 |
1 |
|
|a комплексная качественная среда
|
| 610 |
1 |
|
|a создание
|
| 610 |
1 |
|
|a система Упорядочение
|
| 610 |
1 |
|
|a труд
|
| 610 |
1 |
|
|a безопасность
|
| 610 |
1 |
|
|a качество
|
| 675 |
|
|
|a 658.310.322.4(07)
|v 3
|
| 675 |
|
|
|a 658.562(07)
|v 3
|
| 700 |
|
1 |
|a Растимешин
|b В. Е.
|g Владимир Егорович
|
| 701 |
|
1 |
|a Куприянова
|b Т. М.
|g Татьяна Михайловна
|
| 801 |
|
1 |
|a RU
|b 63413507
|c 20050301
|g PSBO
|
| 801 |
|
2 |
|a RU
|b 63413507
|c 20141007
|g PSBO
|
| 942 |
|
|
|c BK
|